[Event "Dortmund Sparkassen op-B 44th"]
[Site "Dortmund"]
[Date "2016.07.13"]
[Round "5"]
[White "Skapski, Miroslav"]
[Black "Hollstein, Ralf"]
[Result "0-1"]
[WhiteElo "1540"]
[BlackElo "1778"]
[PlyCount "52"]
[EventDate "2016.07.09"]
[EventType "swiss"]
[EventRounds "9"]
[EventCountry "GER"]
[SourceTitle "CBM 173 Extra"]
[Source "ChessBase"]
[SourceDate "2016.08.29"]
[SourceVersion "1"]
[SourceVersionDate "2016.08.29"]
[SourceQuality "1"]

1. e4 e6 2. d4 d5 3. exd5 exd5 4. Nf3 Nf6 5. Be2 Bf5 6. 0-0 Bd6 7. Bg5 Nbd7 8. Re1 0-0 9. Nbd2 h6 10. Bh4 c6 11. Nf1 Qb6 12. Bxf6 Nxf6 13. Ne3 Be4 14. Qd2 Rfe8 15. Nh4 Bf4 16. Bd3 Qxd4 17. g3 Bxe3 18. fxe3 Qb6 19. Nf5 Bxf5 20. Bxf5 Re5 21. Bh3 Rae8 22. Kh1 Rxe3 23. Rf1 d4 24. Bf5 c5 25. b3 Qc6+ 26. Kg1 Re2 0-1

[Event "Dortmund Sparkassen op-B 44th"]
[Site "Dortmund"]
[Date "2016.07.11"]
[Round "3"]
[White "Skapski, Miroslav"]
[Black "Koellner, Aaron Noah"]
[Result "0-1"]
[WhiteElo "1540"]
[BlackElo "1715"]
[PlyCount "110"]
[EventDate "2016.07.09"]
[EventType "swiss"]
[EventRounds "9"]
[EventCountry "GER"]
[SourceTitle "CBM 173 Extra"]
[Source "ChessBase"]
[SourceDate "2016.08.29"]
[SourceVersion "1"]
[SourceVersionDate "2016.08.29"]
[SourceQuality "1"]

1. e4 c5 2. Nf3 Nf6 3. Nc3 d5 4. exd5 Nxd5 5. Bb5+ Bd7 6. Bxd7+ Qxd7 7. Nxd5 Qxd5 8. 0-0 Nc6 9. Re1 e6 10. b3 Be7 11. Bb2 0-0 12. Qe2 Rfe8 13. Rad1 Nd4 14. Nxd4 cxd4 15. Qe5 Qxe5 16. Rxe5 Red8 17. Re4 Rac8 18. Rc1 Bb4 19. c3 dxc3 20. dxc3 Bxc3 21. Ba3 Bf6 22. Rxc8 Rxc8 23. Re2 b5 24. g3 a5 25. Bd6 h5 26. Kg2 g5 27. Be5 Kg7 28. Bd6 Kg6 29. Be5 Bxe5 30. Rxe5 Rc2 31. a4 b4 32. Rxa5 Rc3 33. Ra8 Rxb3 34. a5 Ra3 35. Rb8 Rxa5 36. Rxb4 Ra2 37. h3 e5 38. Rc4 Kf5 39. Rb4 e4 40. Rb5+ Kf6 41. Rb6+ Kg7 42. Rb5 e3 43. Re5 Rxf2+ 44. Kg1 Rf3 45. Kg2 g4 46. hxg4 hxg4 47. Rg5+ Kf6 48. Rxg4 Rf2+ 49. Kg1 Kf5 50. Ra4 Ke5 51. Rb4 Rf6 52. Kg2 e2 53. Rb1 Kd4 54. Rb4+ Kc3 55. Re4 Re6 0-1

[Event "Dortmund Sparkassen op-B"]
[Site "Dortmund"]
[Date "2011.07.24"]
[Round "2"]
[White "Skapski, Miroslav"]
[Black "Langhorst, Tobias"]
[Result "0-1"]
[WhiteElo "1545"]
[BlackElo "1357"]
[PlyCount "50"]
[EventDate "2011.07.23"]
[EventType "swiss"]
[EventRounds "9"]
[EventCountry "GER"]
[SourceTitle "EXT 2013"]
[Source "ChessBase"]
[SourceDate "2012.11.22"]
[SourceVersion "1"]
[SourceVersionDate "2012.11.22"]
[SourceQuality "1"]

1. d4 d5 2. c4 e6 3. Nf3 Nf6 4. Nc3 c6 5. Bg5 Nbd7 6. e3 Qa5 7. Bd3 dxc4 8. Bxc4 Ne4 9. Qa4 Qxa4 10. Nxa4 b5 11. Bd3 Nxg5 12. Nxg5 bxa4 13. Rc1 Bb7 14. 0-0 h6 15. Ne4 Rc8 16. a3 c5 17. dxc5 Bxe4 18. Bxe4 Bxc5 19. Rc2 Ke7 20. Rfc1 Rc7 21. Rc4 Rhc8 22. g3 Bb6 23. Rxc7 Rxc7 24. Rd1 Nc5 25. Bf3 Rd7 0-1